[Event "POL-chT Academic"]
[Site "Chorzow"]
[Date "2021.05.16"]
[Round "7.17"]
[White "Lada, Michal"]
[Black "Klepek, Witold"]
[Result "0-1"]
[WhiteElo "1961"]
[BlackElo "2208"]
[PlyCount "82"]
[EventDate "2021.05.15"]
[EventType "team-swiss (rapid)"]
[EventRounds "9"]
[EventCountry "POL"]
[SourceTitle "CBM 202 Extra"]
[Source "ChessBase"]
[SourceDate "2021.07.31"]
[SourceVersion "1"]
[SourceVersionDate "2021.07.31"]
[SourceQuality "1"]
[WhiteTeam "Gdansk Univ"]
[BlackTeam "Krakow Gorniczo Hutnicza Acad"]
[WhiteTeamCountry "POL"]
[BlackTeamCountry "POL"]

1. d4 d5 2. c4 e6 3. Nc3 Bb4 4. Nf3 Nf6 5. Bg5 h6 6. Bxf6 Qxf6 7. Qa4+ Nc6 8. Ne5 Bd7 9. Nxd7 Qxd4 10. Qc2 Qxc4 11. e3 Qg4 12. Bb5 Kxd7 13. 0-0 Bd6 14. Ne2 Qe4 15. Qb3 a6 16. Bxc6+ bxc6 17. Rac1 c5 18. f3 Qb4 19. Qc2 Rab8 20. b3 Ke7 21. f4 g6 22. Ng3 h5 23. Rce1 h4 24. Ne2 c4 25. Nd4 Rb6 26. Rb1 c3 27. Rbc1 c5 28. Ne2 d4 29. exd4 cxd4 30. Qd3 Qb5 31. Rfd1 Qxd3 32. Rxd3 Rd8 33. Kf1 e5 34. fxe5 Bxe5 35. h3 Rf6+ 36. Kg1 Ke8 37. Re1 Re6 38. Rc1 Bg7 39. Kf1 Bh6 40. Rc2 Be3 41. Rd1 d3 0-1

[Event "POL-ch Academic"]
[Site "Chorzow"]
[Date "2021.05.15"]
[Round "9.12"]
[White "Chylewski, Patryk"]
[Black "Lada, Michal"]
[Result "1-0"]
[WhiteElo "2323"]
[BlackElo "1961"]
[PlyCount "181"]
[EventDate "2021.05.14"]
[EventType "swiss (rapid)"]
[EventRounds "9"]
[EventCountry "POL"]
[SourceTitle "CBM 202 Extra"]
[Source "ChessBase"]
[SourceDate "2021.07.31"]
[SourceVersion "1"]
[SourceVersionDate "2021.07.31"]
[SourceQuality "1"]

1. d4 d5 2. c4 e6 3. Nf3 Nf6 4. g3 c6 5. Bg2 Bd6 6. Qc2 Nbd7 7. 0-0 0-0 8. Bf4 Bxf4 9. gxf4 Ne4 10. Ne5 f5 11. Nd2 Qh4 12. e3 Ndf6 13. f3 Nxd2 14. Qxd2 Nd7 15. Nxd7 Bxd7 16. Kh1 dxc4 17. Rg1 Qe7 18. Qc3 b5 19. Bf1 a5 20. Be2 Qb4 21. Qc2 Rac8 22. Rad1 Be8 23. a3 Qb3 24. Qxb3 cxb3 25. Rc1 Bd7 26. Rc3 a4 27. Rgc1 Rb8 28. Kg2 Kf7 29. Kg3 Kf6 30. h4 h6 31. Rd1 Rg8 32. Kf2 g5 33. fxg5+ hxg5 34. hxg5+ Rxg5 35. f4 Rg7 36. Bf3 Rb6 37. Rdc1 Re7 38. Bxc6 Bxc6 39. Rxc6 Rxc6 40. Rxc6 Rd7 41. Rb6 Rc7 42. Rxb5 Rc2+ 43. Kf3 Rxb2 44. Rb4 Ra2 45. Rxa4 b2 46. Rb4 Rxa3 47. Rxb2 Ra1 48. Rb6 Ra5 49. Rb3 Rd5 50. Ke2 Ra5 51. Kd3 Ra6 52. Kc4 Rc6+ 53. Kb5 Rc1 54. Kb4 Ke7 55. Ra3 Kd6 56. Ra6+ Kd5 57. Ra5+ Kd6 58. Re5 Rc2 59. Kb3 Rd2 60. Kc3 Rd1 61. Kc2 Re1 62. Kd2 Ra1 63. d5 Ra2+ 64. Kd3 exd5 65. Rxf5 Ra3+ 66. Ke2 Ra1 67. Rf8 Rh1 68. Rd8+ Ke6 69. Re8+ Kd7 70. Re5 Kd6 71. Kd3 Rd1+ 72. Ke2 Rh1 73. Rg5 Ke6 74. Rg6+ Ke7 75. Kd3 Rd1+ 76. Ke2 Rh1 77. Ra6 Kd7 78. Kf3 Rh3+ 79. Ke2 Rh1 80. Ra3 Ke6 81. Kf3 Kf5 82. Ra5 Rh3+ 83. Ke2 Ke4 84. Ra4+ Kf5 85. Kd3 Rh1 86. Ra5 Ke6 87. Ra6+ Kf5 88. Rd6 Rd1+ 89. Ke2 Ra1 90. Rxd5+ Ke4 91. Re5# 1-0

[Event "POL-chT Academic"]
[Site "Chorzow"]
[Date "2021.05.15"]
[Round "3.10"]
[White "Smieszek, Wojciech"]
[Black "Lada, Michal"]
[Result "0-1"]
[WhiteElo "2107"]
[BlackElo "1961"]
[PlyCount "68"]
[EventDate "2021.05.15"]
[EventType "team-swiss (rapid)"]
[EventRounds "9"]
[EventCountry "POL"]
[SourceTitle "CBM 202 Extra"]
[Source "ChessBase"]
[SourceDate "2021.07.31"]
[SourceVersion "1"]
[SourceVersionDate "2021.07.31"]
[SourceQuality "1"]
[WhiteTeam "Warsaw Univ"]
[BlackTeam "Gdansk Univ"]
[WhiteTeamCountry "POL"]
[BlackTeamCountry "POL"]

1. e4 c6 2. d4 d5 3. f3 dxe4 4. fxe4 e5 5. Nf3 Bg4 6. Bc4 Nd7 7. 0-0 Bxf3 8. Qxf3 Ngf6 9. Qb3 Qe7 10. Qxb7 Rb8 11. Qxa7 exd4 12. Bf4 Rd8 13. Nd2 Qc5 14. Qxc5 Bxc5 15. e5 Nd5 16. Ne4 0-0 17. Nxc5 Nxc5 18. Rad1 Ne6 19. g3 Nexf4 20. Rxf4 Nxf4 21. gxf4 c5 22. Kf2 Rb8 23. b3 Rb6 24. Kf3 Rh6 25. Rd2 Rh3+ 26. Ke4 Rd8 27. Re2 g6 28. a4 Kg7 29. a5 f5+ 30. exf6+ Kxf6 31. a6 Rd7 32. Bb5 Rd8 33. Bc6 d3 34. Rd2 Rd4# 0-1

[Event "POL-ch Academic"]
[Site "Chorzow"]
[Date "2021.05.14"]
[Round "3.7"]
[White "Kowalczyk, Rafal"]
[Black "Lada, Michal"]
[Result "1-0"]
[WhiteElo "2272"]
[BlackElo "1961"]
[PlyCount "79"]
[EventDate "2021.05.14"]
[EventType "swiss (rapid)"]
[EventRounds "9"]
[EventCountry "POL"]
[SourceTitle "CBM 202 Extra"]
[Source "ChessBase"]
[SourceDate "2021.07.31"]
[SourceVersion "1"]
[SourceVersionDate "2021.07.31"]
[SourceQuality "1"]

1. e4 c6 2. Ne2 e5 3. d4 d6 4. Nbc3 h6 5. Ng3 Nf6 6. h3 Be7 7. Be3 Be6 8. d5 cxd5 9. exd5 Bd7 10. Bd3 Qa5 11. Bc4 b5 12. Bb3 b4 13. Nce2 0-0 14. 0-0 Na6 15. f4 e4 16. c3 bxc3 17. Nxc3 Nc5 18. Bc2 Rab8 19. Rb1 Rfe8 20. a3 Qc7 21. b4 Nd3 22. Ncxe4 Nxe4 23. Nxe4 Nxb4 24. axb4 Bb5 25. Bd3 Bd8 26. Bd4 f5 27. Ng3 Bxd3 28. Qxd3 g6 29. Rfe1 Bh4 30. Re6 Qb7 31. Bf2 Rxe6 32. dxe6 a5 33. Qxd6 axb4 34. e7 Bxe7 35. Qxg6+ Kf8 36. Nxf5 b3 37. Qg7+ Ke8 38. Qg8+ Kd7 39. Rd1+ Kc6 40. Qc4+ 1-0

[Event "POL-chT Academic"]
[Site "Katowice"]
[Date "2020.11.14"]
[Round "5.10"]
[White "Lada, Michal"]
[Black "Lukasiewicz, Aleksander"]
[Result "1-0"]
[WhiteElo "1961"]
[BlackElo "1936"]
[PlyCount "51"]
[EventDate "2020.11.14"]
[EventType "team-swiss (rapid)"]
[EventRounds "9"]
[EventCountry "POL"]
[SourceTitle "CBM 199 Extra"]
[Source "ChessBase"]
[SourceDate "2021.01.31"]
[SourceVersion "1"]
[SourceVersionDate "2021.01.31"]
[SourceQuality "1"]
[WhiteTeam "Gdansk Univ"]
[BlackTeam "Wroclaw University"]
[WhiteTeamCountry "POL"]
[BlackTeamCountry "POL"]

1. d4 d5 2. c4 e6 3. Nc3 Nf6 4. Nf3 Be7 5. Bg5 0-0 6. e3 h6 7. Bxf6 Bxf6 8. cxd5 exd5 9. Bd3 c6 10. 0-0 Re8 11. b4 a6 12. a4 Nd7 13. b5 axb5 14. axb5 Rxa1 15. Qxa1 Nf8 16. Rc1 Ng6 17. Qa8 Ne7 18. Na4 Rf8 19. b6 Qd6 20. Nc5 Bf5 21. Qxb7 Bxd3 22. Nxd3 Qa3 23. Nfe1 Ra8 24. Qc7 Rc8 25. Qxc8+ Nxc8 26. b7 1-0

[Event "POL-ch Academic"]
[Site "Katowice"]
[Date "2020.11.13"]
[Round "4"]
[White "Zaleski, Lukasz"]
[Black "Lada, Michal"]
[Result "1/2-1/2"]
[WhiteElo "2173"]
[BlackElo "1961"]
[PlyCount "110"]
[EventDate "2020.11.13"]
[EventType "swiss (rapid)"]
[EventRounds "9"]
[EventCountry "POL"]
[SourceTitle "CBM 199 Extra"]
[Source "ChessBase"]
[SourceDate "2021.01.31"]
[SourceVersion "1"]
[SourceVersionDate "2021.01.31"]
[SourceQuality "1"]

1. e4 c6 2. d4 d5 3. Nd2 dxe4 4. Nxe4 Nf6 5. Nxf6+ gxf6 6. Nf3 Bg4 7. Be2 Qc7 8. h3 Bh5 9. Be3 Nd7 10. Qd2 e6 11. Bf4 Bd6 12. Bxd6 Qxd6 13. 0-0-0 Bxf3 14. Bxf3 Nb6 15. Qh6 Qe7 16. Rhe1 0-0-0 17. Qh5 Rd7 18. Re3 f5 19. g4 fxg4 20. hxg4 Qf6 21. Qc5 Rhd8 22. c3 Kb8 23. Qe5+ Qxe5 24. Rxe5 Rh8 25. Rh1 Nd5 26. Kc2 Nf4 27. Ree1 Rdd8 28. Rh6 Ng6 29. Reh1 Rdg8 30. Rxh7 Rxh7 31. Rxh7 Rf8 32. Be4 Nf4 33. Kd2 f5 34. gxf5 exf5 35. Bc2 Nd5 36. a3 a6 37. c4 Nb6 38. b3 a5 39. Bd3 Rd8 40. Kc3 Rf8 41. f4 Nc8 42. d5 cxd5 43. cxd5 Nd6 44. Kd4 Re8 45. Rd7 Ne4 46. Rf7 Ng3 47. Bxf5 Ne2+ 48. Kc5 Nxf4 49. d6 Rd8 50. Be4 Ne6+ 51. Kd5 Nf8 52. Ke5 Nd7+ 53. Ke6 Nc5+ 54. Kd5 Nxe4 55. Kxe4 Rxd6 1/2-1/2

[Event "Bialystok Zamenhof Memorial-C 35th"]
[Site "Bialystok"]
[Date "2017.12.28"]
[Round "3.11"]
[White "Lada, Michal"]
[Black "Wierzbicki, Michal"]
[Result "1-0"]
[WhiteElo "1900"]
[BlackElo "1846"]
[PlyCount "92"]
[EventDate "2017.12.27"]
[EventType "swiss"]
[EventRounds "9"]
[EventCountry "POL"]
[SourceTitle "EXT 2023"]
[Source "ChessBase"]
[SourceDate "2022.10.05"]
[SourceVersion "1"]
[SourceVersionDate "2022.10.05"]
[SourceQuality "1"]

1. d4 Nf6 2. c4 e6 3. Nf3 b6 4. e3 Bb7 5. Nc3 Bb4 6. Bd2 0-0 7. Bd3 d6 8. 0-0 Nbd7 9. a3 Bxc3 10. Bxc3 Qe7 11. Nd2 e5 12. d5 Bc8 13. Qc2 Nc5 14. b4 Nxd3 15. Qxd3 Re8 16. Rae1 e4 17. Qd4 Qe5 18. Qxe5 dxe5 19. Rc1 b5 20. cxb5 Bd7 21. a4 a6 22. Nb3 axb5 23. a5 Nxd5 24. Nc5 Bf5 25. Rfd1 c6 26. h3 f6 27. Be1 Re7 28. Nb3 Bd7 29. Nc5 Bf5 30. g4 Bg6 31. Nb3 Be8 32. Rc5 g6 33. Nc1 Kf7 34. Ne2 Ke6 35. Rb1 Ra6 36. Nc3 Nxc3 37. Bxc3 Rd7 38. Rc1 Rd5 39. Ba1 Kd6 40. Kf1 Bd7 41. Ke2 Ra8 42. f3 exf3+ 43. Kxf3 Rxc5 44. bxc5+ Ke7 45. Bc3 Be6 46. Ra1 Bc4 1-0

[Event "Suwalki Warakomska Memorial-B 1st"]
[Site "Suwalki"]
[Date "2017.08.14"]
[Round "5"]
[White "Grabowski, Adam"]
[Black "Lada, Michal"]
[Result "1-0"]
[WhiteElo "2063"]
[BlackElo "1875"]
[PlyCount "79"]
[EventDate "2017.08.11"]
[EventType "swiss"]
[EventRounds "9"]
[EventCountry "POL"]
[SourceTitle "CBM 180 Extra"]
[Source "ChessBase"]
[SourceDate "2017.10.06"]
[SourceVersion "1"]
[SourceVersionDate "2017.10.06"]
[SourceQuality "1"]

1. Nf3 c6 2. d4 d5 3. e3 Nf6 4. c4 e6 5. Nc3 Nbd7 6. Qc2 Bd6 7. Bd3 b6 8. 0-0 Bb7 9. e4 dxe4 10. Nxe4 Nxe4 11. Bxe4 Nf6 12. Bg5 Be7 13. Bxf6 Bxf6 14. Qa4 Qc7 15. d5 b5 16. Qb4 Be7 17. Qc3 Bf6 18. Qe3 cxd5 19. cxd5 0-0 20. dxe6 Bxe4 21. Qxe4 Rae8 22. exf7+ Qxf7 23. Qb4 Re2 24. Qxb5 Rxb2 25. Qa4 Rd8 26. a3 g5 27. Rad1 h5 28. h3 Rbb8 29. Qe4 Qg7 30. Rd5 g4 31. hxg4 hxg4 32. Qe6+ Kf8 33. Ng5 Rb6 34. Rxd8+ Bxd8 35. Qf5+ Ke7 36. Re1+ Kd6 37. Nf7+ Kc7 38. Rc1+ Rc6 39. Qa5+ Kb7 40. Nxd8+ 1-0

[Event "Suwalki Warakomska Memorial-B 1st"]
[Site "Suwalki"]
[Date "2017.08.12"]
[Round "2"]
[White "Mammadov, Vafa"]
[Black "Lada, Michal"]
[Result "1-0"]
[WhiteElo "2066"]
[BlackElo "1875"]
[PlyCount "143"]
[EventDate "2017.08.11"]
[EventType "swiss"]
[EventRounds "9"]
[EventCountry "POL"]
[SourceTitle "CBM 180 Extra"]
[Source "ChessBase"]
[SourceDate "2017.10.06"]
[SourceVersion "1"]
[SourceVersionDate "2017.10.06"]
[SourceQuality "1"]

1. c4 c6 2. Nf3 d5 3. e3 Nf6 4. Nc3 Nbd7 5. d4 e6 6. Bd3 Be7 7. 0-0 0-0 8. b3 b6 9. Bb2 Qc7 10. Rc1 Bb7 11. cxd5 exd5 12. Nd2 Rad8 13. Ne2 Bd6 14. Ng3 Rfe8 15. Re1 c5 16. f4 Qb8 17. Nf3 a6 18. Ne5 cxd4 19. exd4 Nf8 20. Nf5 Bb4 21. Rf1 Ng6 22. a3 Bf8 23. h4 Ne7 24. Ng3 Bc8 25. Qc2 Qd6 26. Qc7 Ng4 27. Qxd6 Rxd6 28. Nxg4 Bxg4 29. Bxa6 Nf5 30. Nxf5 Bxf5 31. Rfe1 Rb8 32. Bb5 Be4 33. Rc6 Rxc6 34. Bxc6 Rc8 35. Rc1 Be7 36. g3 Bf6 37. Kf2 h6 38. Ke3 g5 39. hxg5 hxg5 40. Bd7 Rxc1 41. Bxc1 gxf4+ 42. gxf4 Bc2 43. b4 Kf8 44. Bc6 Bb3 45. a4 Bd8 46. Bd2 Ke7 47. a5 bxa5 48. bxa5 Kd6 49. Bb5 Bc4 50. Bb4+ Kc7 51. Bxc4 dxc4 52. d5 Bf6 53. Kd2 Kb7 54. Bc3 Be7 55. Ke3 Ka6 56. Ke4 Kb5 57. Ke5 Bf8 58. f5 Bg7+ 59. f6 Bf8 60. a6 Kxa6 61. d6 Kb7 62. Kd5 Bh6 63. Be5 c3 64. Bxc3 Be3 65. Ba5 Bb6 66. Bxb6 Kxb6 67. d7 Kc7 68. d8Q+ Kxd8 69. Kd6 Ke8 70. Kc7 Kf8 71. Kd8 Kg8 72. Ke8 1-0

[Event "POL-chT U19 45th"]
[Site "Maslow Pierwszy"]
[Date "2014.08.02"]
[Round "9"]
[White "Lada, Michal"]
[Black "Januszkiewicz, Wojciech"]
[Result "1/2-1/2"]
[WhiteElo "1882"]
[BlackElo "1852"]
[PlyCount "109"]
[EventDate "2014.07.25"]
[EventType "team-tourn"]
[EventRounds "9"]
[EventCountry "POL"]
[SourceTitle "EXT 2015"]
[Source "ChessBase"]
[SourceDate "2014.11.20"]
[SourceVersion "1"]
[SourceVersionDate "2014.11.20"]
[SourceQuality "1"]
[WhiteTeam "Suwalki Hancza U19"]
[BlackTeam "Koszalin Hetman Politechnika U19"]
[WhiteTeamCountry "POL"]
[BlackTeamCountry "POL"]

1. d4 Nf6 2. Nf3 g6 3. c4 Bg7 4. Nc3 d5 5. e3 0-0 6. cxd5 Nxd5 7. Bc4 Nxc3 8. bxc3 c5 9. 0-0 Nc6 10. Ba3 cxd4 11. cxd4 Bg4 12. h3 Qa5 13. Bb2 Qb4 14. Qe2 Bxf3 15. gxf3 Rac8 16. Rac1 e6 17. Rc2 Qe7 18. Rfc1 Rcd8 19. f4 g5 20. Qg4 h6 21. fxg5 Qxg5 22. Qxg5 hxg5 23. Ba3 Rfe8 24. Bb5 Rd5 25. Bxc6 bxc6 26. Rxc6 Ra5 27. R1c3 e5 28. dxe5 Bxe5 29. Rb3 Ra4 30. Kg2 Kg7 31. Rc5 Kf6 32. Rc2 Re6 33. Bb4 Rb6 34. Bc5 Rba6 35. a3 Bd6 36. Rb5 Kg6 37. Bxd6 Rxd6 38. Rcc5 f6 39. Ra5 Ra6 40. Rxa6 Rxa6 41. Rc3 Ra4 42. Kg3 f5 43. Rb3 Kh5 44. Kg2 Kg6 45. Rd3 Kh5 46. Kg3 Kg6 47. Rd6+ Kg7 48. Rd3 Kg6 49. Rc3 Kh5 50. Rc5 Kg6 51. Rc6+ Kg7 52. Rc3 Kg6 53. Rb3 Kh5 54. Kg2 Kg6 55. Rd3 1/2-1/2

[Event "POL-chT U19 45th"]
[Site "Maslow Pierwszy"]
[Date "2014.07.30"]
[Round "6"]
[White "Zochowski, Kacper"]
[Black "Lada, Michal"]
[Result "1-0"]
[WhiteElo "2047"]
[BlackElo "1882"]
[PlyCount "85"]
[EventDate "2014.07.25"]
[EventType "team-tourn"]
[EventRounds "9"]
[EventCountry "POL"]
[SourceTitle "EXT 2015"]
[Source "ChessBase"]
[SourceDate "2014.11.20"]
[SourceVersion "1"]
[SourceVersionDate "2014.11.20"]
[SourceQuality "1"]
[WhiteTeam "Bialystok MUKS Stoczek 45 U19"]
[BlackTeam "Suwalki Hancza U19"]
[WhiteTeamCountry "POL"]
[BlackTeamCountry "POL"]

1. e4 c6 2. d4 Qb6 3. f3 d5 4. c3 e5 5. exd5 exd4 6. cxd4 cxd5 7. Nc3 Bb4 8. Bd3 Nc6 9. Nge2 Be6 10. a3 Bd6 11. Be3 Nge7 12. Qc2 h6 13. Na4 Qc7 14. Nc5 0-0 15. Rc1 Qc8 16. Qd2 Bf5 17. Bb5 a6 18. Ba4 Re8 19. 0-0 Qb8 20. Bf4 b5 21. Bb3 Ng6 22. Bxd6 Qxd6 23. Ng3 Bd7 24. f4 f5 25. Nxd7 Qxd7 26. Nxf5 Na5 27. Nxh6+ gxh6 28. Qxa5 Re2 29. Rf3 Rxg2+ 30. Kxg2 Nh4+ 31. Kf2 Nxf3 32. Qc7 Qe6 33. Qc6 Qxc6 34. Rxc6 Nxd4 35. Bxd5+ Kf8 36. Rxh6 Ra7 37. Be4 Re7 38. Rh8+ Kf7 39. Rh7+ Kf6 40. Rxe7 Kxe7 41. h4 Ne6 42. Ke3 Kf6 43. b4 1-0

[Event "POL-chT U19 45th"]
[Site "Maslow Pierwszy"]
[Date "2014.07.25"]
[Round "1"]
[White "Jarmula, Pawel"]
[Black "Lada, Michal"]
[Result "1/2-1/2"]
[WhiteElo "2140"]
[BlackElo "1882"]
[PlyCount "114"]
[EventDate "2014.07.25"]
[EventType "team-tourn"]
[EventRounds "9"]
[EventCountry "POL"]
[SourceTitle "EXT 2015"]
[Source "ChessBase"]
[SourceDate "2014.11.20"]
[SourceVersion "1"]
[SourceVersionDate "2014.11.20"]
[SourceQuality "1"]
[WhiteTeam "Warszawa Gulermak Polonia U19"]
[BlackTeam "Suwalki Hancza U19"]
[WhiteTeamCountry "POL"]
[BlackTeamCountry "POL"]

1. d4 d5 2. c4 c6 3. Nf3 Nf6 4. Nbd2 a6 5. Qc2 Bg4 6. e3 b5 7. b3 Qa5 8. Ne5 Be6 9. Bd3 Ng4 10. Nxg4 Bxg4 11. 0-0 g6 12. Bb2 Bg7 13. h3 Be6 14. a4 b4 15. e4 0-0 16. Rae1 Ra7 17. Nf3 Nd7 18. exd5 cxd5 19. c5 Bf6 20. Qd2 Rc8 21. Nh2 Nf8 22. f4 Bf5 23. Bxf5 gxf5 24. g4 Ng6 25. Nf3 Qc7 26. Bc1 Qd7 27. g5 Bg7 28. h4 a5 29. h5 Nf8 30. Nh4 e6 31. Kh2 Qd8 32. Qf2 Nd7 33. Be3 Nb8 34. Rg1 Nc6 35. Rg2 Kf8 36. Nf3 Ke7 37. Qh4 Kd7 38. Rge2 Qh8 39. Ne5+ Bxe5 40. fxe5 Rca8 41. Rg2 Qg7 42. Reg1 Rg8 43. Qf4 Qf8 44. Bf2 Qc8 45. Bh4 Qe8 46. Rg3 Kc8 47. R1g2 Rc7 48. Kg1 Rd7 49. Kf2 Kc7 50. Ke3 Qf8 51. Rg1 Qe8 52. R3g2 Kb7 53. Qf1 Ka7 54. Qf4 Kb7 55. Kd2 Ka7 56. Bf2 Rg7 57. Be3 Re7 1/2-1/2

[Event "Suwalki 18th"]
[Site "Suwalki"]
[Date "2013.01.28"]
[Round "2"]
[White "Lada, Michal"]
[Black "Tylenda, Krzysztof"]
[Result "1-0"]
[WhiteElo "1832"]
[BlackElo "1518"]
[PlyCount "55"]
[EventDate "2013.01.28"]
[EventType "tourn"]
[EventRounds "7"]
[EventCountry "POL"]
[SourceTitle "EXT 2015"]
[Source "ChessBase"]
[SourceDate "2014.11.20"]
[SourceVersion "1"]
[SourceVersionDate "2014.11.20"]
[SourceQuality "1"]

1. d4 d5 2. c4 e6 3. e3 f5 4. Nc3 Nf6 5. Bd3 Bb4 6. Qb3 Nc6 7. a3 Bxc3+ 8. Qxc3 Ne4 9. Qc2 0-0 10. f3 Qh4+ 11. g3 Nxg3 12. Qf2 f4 13. Ne2 g5 14. Rg1 dxc4 15. Be4 Nf5 16. Qxh4 Nxh4 17. Rxg5+ Kh8 18. Rh5 Nf5 19. Nxf4 Kg7 20. Bd2 e5 21. dxe5 Nxe5 22. Bc3 Kf6 23. Bxf5 Bxf5 24. e4 Bg6 25. Rxe5 Kg7 26. Re7+ Kh6 27. Bg7+ Kg5 28. Ne6+ 1-0

[Event "Suwalki op"]
[Site "Suwalki"]
[Date "2012.12.28"]
[Round "3"]
[White "Vaskevicius, Augustas"]
[Black "Lada, Michal"]
[Result "1/2-1/2"]
[WhiteElo "1521"]
[BlackElo "1832"]
[PlyCount "90"]
[EventDate "2012.12.27"]
[EventType "swiss"]
[EventRounds "7"]
[EventCountry "POL"]
[SourceTitle "CBM 152 Extra"]
[Source "ChessBase"]
[SourceDate "2013.02.25"]
[SourceVersion "1"]
[SourceVersionDate "2013.02.25"]
[SourceQuality "1"]

1. e4 c6 2. d4 d5 3. exd5 cxd5 4. c4 Nf6 5. Nc3 e6 6. Nf3 Nc6 7. c5 Be7 8. Bb5 0-0 9. 0-0 Qc7 10. Bxc6 bxc6 11. Ne5 Bxc5 12. Nxc6 Qxc6 13. dxc5 Qxc5 14. Bg5 Qb4 15. Qe2 a5 16. a3 Qg4 17. Qxg4 Nxg4 18. Rfc1 Rb8 19. f3 Nf6 20. Rab1 Bd7 21. b4 axb4 22. axb4 Rfc8 23. b5 Rc4 24. g3 Nh5 25. b6 h6 26. Be7 Rb7 27. Bd6 Nf6 28. Ne2 Rxc1+ 29. Nxc1 Ne8 30. Bc5 Bc6 31. Nd3 f6 32. Nb4 Bb5 33. Kf2 Kf7 34. Nxd5 exd5 35. Rxb5 Ke6 36. Ke3 Nd6 37. Bxd6 Kxd6 38. Kd4 Kc6 39. Rxd5 Rxb6 40. Rc5+ Kd6 41. Rc8 Ke6 42. Ke4 Rb2 43. h4 f5+ 44. Kf4 Rb4+ 45. Ke3 Rb3+ 1/2-1/2

[Event "POL-chT U19 41st"]
[Site "Ustron"]
[Date "2010.07.13"]
[Round "8"]
[White "Budzinski, Jan"]
[Black "Lada, Michal"]
[Result "1/2-1/2"]
[WhiteElo "1881"]
[BlackElo "1671"]
[PlyCount "67"]
[EventDate "2010.07.06"]
[EventType "team-tourn"]
[EventRounds "9"]
[EventCountry "POL"]
[SourceTitle "EXT 2019"]
[Source "ChessBase"]
[SourceDate "2018.10.10"]
[SourceVersion "1"]
[SourceVersionDate "2018.10.10"]
[SourceQuality "1"]
[WhiteTeam "Skierniewice KS Piatka U19"]
[BlackTeam "Suwalki Hancza U19"]
[WhiteTeamCountry "POL"]
[BlackTeamCountry "POL"]

1. e4 c6 2. d4 d5 3. Nc3 dxe4 4. Nxe4 Bf5 5. Ng3 Bg6 6. h4 h6 7. Nf3 Nd7 8. Bd3 Bxd3 9. Qxd3 e6 10. Bd2 Qc7 11. 0-0-0 Ngf6 12. Qe2 0-0-0 13. Kb1 Bd6 14. Ne4 Nxe4 15. Qxe4 Rhf8 16. Rhe1 Nf6 17. Qe2 Bf4 18. c4 Bxd2 19. Rxd2 c5 20. Red1 cxd4 21. Nxd4 a6 22. c5 Kb8 23. b4 Nd5 24. Qc4 Ne7 25. b5 Rd5 26. bxa6 Rxc5 27. Qb3 Nd5 28. Kb2 Rc8 29. axb7 Qxb7 30. Qxb7+ Kxb7 31. Rc2 Rc4 32. g3 Kc7 33. Rd3 Kd6 34. Nb3 1/2-1/2

[Event "POL-chT U19 41st"]
[Site "Ustron"]
[Date "2010.07.10"]
[Round "5"]
[White "Jarmula, Lukasz"]
[Black "Lada, Michal"]
[Result "1/2-1/2"]
[WhiteElo "1801"]
[BlackElo "1671"]
[PlyCount "68"]
[EventDate "2010.07.06"]
[EventType "team-tourn"]
[EventRounds "9"]
[EventCountry "POL"]
[SourceTitle "EXT 2019"]
[Source "ChessBase"]
[SourceDate "2018.10.10"]
[SourceVersion "1"]
[SourceVersionDate "2018.10.10"]
[SourceQuality "1"]
[WhiteTeam "Warszawa Polonia U19"]
[BlackTeam "Suwalki Hancza U19"]
[WhiteTeamCountry "POL"]
[BlackTeamCountry "POL"]

1. e4 c6 2. d4 d5 3. Nc3 dxe4 4. Nxe4 Bf5 5. Ng3 Bg6 6. h4 h6 7. Nf3 Nd7 8. h5 Bh7 9. Bd3 Bxd3 10. Qxd3 Ngf6 11. Bd2 e6 12. 0-0-0 Qc7 13. Ne4 Nxe4 14. Qxe4 Nf6 15. Qe2 0-0-0 16. g3 Bd6 17. c4 Qe7 18. Bc3 Bb4 19. Bxb4 Qxb4 20. Ne5 Qe7 21. f4 Nd7 22. g4 c5 23. Nxd7 Rxd7 24. Qe5 f6 25. Qxc5+ Qxc5 26. dxc5 Rc7 27. Rd4 Rxc5 28. Rhd1 Rc7 29. b3 Re7 30. Kc2 Rhe8 31. Rd6 e5 32. fxe5 Rxe5 33. Rd7 R5e7 34. R7d4 Re5 1/2-1/2

[Event "POL-chT U19 41st"]
[Site "Ustron"]
[Date "2010.07.09"]
[Round "4"]
[White "Lada, Michal"]
[Black "Szolc, Grzegorz"]
[Result "0-1"]
[WhiteElo "1671"]
[BlackElo "1678"]
[PlyCount "162"]
[EventDate "2010.07.06"]
[EventType "team-tourn"]
[EventRounds "9"]
[EventCountry "POL"]
[SourceTitle "EXT 2019"]
[Source "ChessBase"]
[SourceDate "2018.10.10"]
[SourceVersion "1"]
[SourceVersionDate "2018.10.10"]
[SourceQuality "1"]
[WhiteTeam "Suwalki Hancza U19"]
[BlackTeam "Gliwice Politechnika Slaska U19"]
[WhiteTeamCountry "POL"]
[BlackTeamCountry "POL"]

1. d4 f5 2. c4 Nf6 3. Nc3 g6 4. Nf3 Bg7 5. e3 0-0 6. Bd3 d6 7. 0-0 Nc6 8. d5 Ne5 9. Nxe5 dxe5 10. e4 f4 11. f3 e6 12. Qb3 Rb8 13. a4 Qe7 14. Qa3 Qf7 15. Rd1 Rd8 16. Qb3 a6 17. h3 Bf8 18. a5 Bd7 19. Bd2 c6 20. Be1 g5 21. Be2 Kg7 22. d6 c5 23. Bf2 Rdc8 24. Na4 Bxa4 25. Qxa4 Rc6 26. Rd2 Bxd6 27. Rad1 Bf8 28. b3 Kg6 29. Rd3 Qc7 30. Qa1 Re8 31. Be1 Re7 32. Bc3 Nd7 33. R1d2 Bg7 34. Kh2 Bf6 35. Qd1 Nf8 36. Bf1 Rf7 37. Be2 h6 38. Bf1 Qc8 39. Qa1 Qb8 40. Kg1 Rc8 41. Qb2 Qc7 42. Qa1 Re8 43. Qd1 Ree7 44. Kf2 Nd7 45. b4 cxb4 46. Bxb4 Nc5 47. Rd6 Rd7 48. Rxd7 Nxd7 49. Qc2 Qc8 50. Qc3 Nb8 51. Be2 Nc6 52. Bd1 Nd4 53. Bb3 Rc7 54. Ba2 Rc6 55. Qd3 Rc7 56. Bc3 Kg7 57. Qb1 Kf7 58. Qe1 Rd7 59. Qd1 Be7 60. Kf1 Bc5 61. Qb1 Rc7 62. Qd1 Qh8 63. Qb1 h5 64. Qd1 Kg6 65. Rb2 Qg7 66. Bb4 Qe7 67. Bc3 Rd7 68. Qb1 Qh7 69. Qd1 Kf6 70. Rd2 Qg7 71. Bb1 Ke7 72. Ba2 Kf8 73. Bb1 Qf6 74. Qa4 Rg7 75. Bb4 Qe7 76. Rb2 Nc6 77. Bc3 g4 78. hxg4 hxg4 79. fxg4 Qh4 80. Be1 Qh1+ 81. Ke2 Qxg2+ 0-1